000 01304nam a2200229 a 4500
008 120416s1979 ||||||||||||||||| || u
020 _a082307353X
050 _aKF 5701 Rez
100 _aReznikoff, S. C
245 1 0 _aSpecification for commercial interiors
246 _aprofessional liabilities, regulations and performance criteria
260 _aNew York
_bWatson-Guptill
_c1979
300 _a302p. : ill.
350 _a0.00
650 _aLAW
650 _aSPECIFICATIONS--LAW AND LEGISLATION
995 _aTEXTBOOKS (SBE)
_D0.00
_e5546
_FCBU-SCHOOL TEXTBOOK COLLECTIONS
_H1
_I0.00
_jSCHOOL TEXTBOOK
_M5
_UAVAILABLE
_WSep 14, 2009
_y5546
_ZSchool Collections
995 _aANNEX COLLECTION (Main Library)
_D0.00
_e725358
_FCBU-MAIN LIBRARY (Kitwe)
_H3
_I45.95
_jKF 5701 Rez
_M3
_UAVAILABLE
_y009581
_ZAnnex Low-Usage Collection
995 _aANNEX COLLECTION (Main Library)
_D0.00
_e725361
_FCBU-MAIN LIBRARY (Kitwe)
_H4
_I45.95
_jKF 5701 Rez
_M4
_UAVAILABLE
_y009580
_ZAnnex Low-Usage Collection
995 _aANNEX COLLECTION (Main Library)
_D0.00
_e725359
_FCBU-MAIN LIBRARY (Kitwe)
_H1
_I45.95
_jKF 5701 Rez
_M1
_UAVAILABLE
_y009583
_ZAnnex Low-Usage Collection
995 _aANNEX COLLECTION (Main Library)
_D0.00
_e725360
_FCBU-MAIN LIBRARY (Kitwe)
_H2
_I45.95
_jKF 5701 Rez
_M2
_UAVAILABLE
_y009582
_ZAnnex Low-Usage Collection
999 _c76701
_d76701